| 000 | 01358nam a2200337 a 4500 | ||
|---|---|---|---|
| 001 | 000018704 | ||
| 003 | DO-SdBNP | ||
| 005 | 20211207125257.0 | ||
| 008 | 100514s2010 dr ach r 001 0dspa d | ||
| 020 | _a9789945457230 | ||
| 040 |
_aDO-SdBNP _bspa _cBNPHU |
||
| 082 | 4 |
_a305.8924 _bP951c _222 |
|
| 100 | 1 |
_aPriewe, Joachim, _d1934- _940373 |
|
| 245 | 1 | 0 |
_aColonia judía de Sosúa, 1939-1970 : / _cJoachim Priewe ; prólogo Karl Köhler ; presentación Mariano Mella. |
| 246 | 0 | 2 | _aA.K. trayectoria de vida de un judío de Sosúa |
| 260 |
_aSanto Domingo : _bSociedad Dominicana de Bibliófilos, _c2010. |
||
| 300 |
_a320 p. : _bil., facsíms., retrs. ; _c23 cm. |
||
| 490 | 1 |
_aBibliófilos 2000 _v28 |
|
| 500 | _aIncluye datos biográficos del autor en la contracubierta. | ||
| 504 | _aIncluye bibliografía y notas al pie de páginas. | ||
| 590 | _aInventariado, 2018/BT | ||
| 650 | 4 |
_aJudíos en República Dominicana _xHistoria _93213 |
|
| 650 | 4 |
_aMigraciones judías _zRepública Dominicana _918256 |
|
| 650 | 4 |
_aJudíos _xVida social y costumbres _918259 |
|
| 651 | 4 |
_aSosúa (República Dominicana) _xVida social y costumbres _940374 |
|
| 700 | 1 |
_aKöhler, Karl, _epról. _940375 |
|
| 700 | 1 |
_aMella, Mariano, _bpresent. _940376 |
|
| 830 | 0 |
_aBibliófilos 2000 _n28 _940377 |
|
| 910 | _aValidado. Control de calidad. EMS | ||
| 942 |
_2ddc _cLBS1 |
||
| 999 |
_c18224 _d18224 |
||